[Event "DVM U10 2015"]
[Site "Magdeburg GER"]
[Date "2015.12.29"]
[Round "7"]
[White "Mielewsky, Karl-Josef"]
[Black "Dittenberger, Nico"]
[Result "0-1"]
[Termination "normal"]
[Board "21.3"]
[WhiteElo "849"]
[BlackElo "961"]
[WhiteTeam "SV Roter Turm Halle 2"]
[BlackTeam "SC Landskrone"]
[PlyCount "58"]
[BlackFideId "12996254"]
[EventCountry "GER"]
[EventRounds "7"]
[EventType "team-swiss"]
[EventDate "2015.12.27"]

1. e4 e5 2. Nf3 Nc6 3. Bc4 Bc5 4. Nc3 Nf6 5. d3 d6 6. h3 O-O 7. Bg5 h6 8. Bh4
Qe7 9. Qd2 Be6 10. Bxe6 Qxe6 11. Bxf6 Qxf6 12. Nd5 Qe6 13. Nxc7 Qg6 14. Nxa8
Rxa8 15. O-O-O Qxg2 16. Rhg1 Qxh3 17. Kb1 Kf8 18. Ng5 Qh4 19. f3 Bxg1 20. Rxg1
hxg5 21. Qc1 Qf4 22. Qd1 Nd4 23. c3 Nxf3 24. Rf1 Nd2+ 25. Kc2 Nxf1 26. Qe2 Ne3+
27. Kb1 Qf1+ 28. Qxf1 Nxf1 29. Kc2 g4 0-1

[Event "DVM U10 2015"]
[Site "Magdeburg GER"]
[Date "2015.12.29"]
[Round "7"]
[White "Kinsky, Leonhard"]
[Black "Kemper, Matti"]
[Result "1-0"]
[Termination "normal"]
[Board "21.4"]
[WhiteElo "819"]
[BlackElo "780"]
[WhiteTeam "SC Landskrone"]
[BlackTeam "SV Roter Turm Halle 2"]
[PlyCount "33"]
[WhiteFideId "16255429"]
[EventCountry "GER"]
[EventRounds "7"]
[EventType "team-swiss"]
[EventDate "2015.12.27"]

1. e4 e5 2. Nf3 Nf6 3. d4 Ng4 4. d5 Be7 5. Bc4 Nf6 6. Nc3 O-O 7. Bg5 h6 8. Bxf6
gxf6 9. Qd2 Bc5 10. Qxh6 Bb4 11. O-O d6 12. h3 f5 13. Bd3 fxe4 14. Bxe4 Bxh3
15. gxh3 Qc8 16. Ng5 Qd7 17. Qh7# 1-0

[Event "DVM U10 2015"]
[Site "Magdeburg GER"]
[Date "2015.12.29"]
[Round "7"]
[White "Müller, Linus"]
[Black "Fuhrmann, Bahne"]
[Result "1-0"]
[Termination "normal"]
[Board "22.1"]
[WhiteElo "936"]
[BlackElo "1131"]
[WhiteTeam "Hamburger SK von 1830 2"]
[BlackTeam "Hamburger SK von 1830 4"]
[PlyCount "181"]
[WhiteFideId "16245946"]
[BlackFideId "16244842"]
[EventCountry "GER"]
[EventRounds "7"]
[EventType "team-swiss"]
[EventDate "2015.12.27"]

1. e4 e6 2. Nf3 d5 3. Nc3 d4 4. Nb5 Bc5 5. c3 dxc3 6. Nxc3 Bd4 7. d3 Nc6 8. Bf4
Nf6 9. Nxd4 Qxd4 10. Nb5 Qb4+ 11. Nc3 Qxb2 12. Na4 Qb4+ 13. Bd2 Qd6 14. Nc3 e5
15. Nb5 Qd8 16. Be2 Qd7 17. O-O Nb4 18. Nxc7+ Qxc7 19. Bxb4 a5 20. Rc1 Qd7 21.
Bd2 O-O 22. Bc3 Re8 23. Bf3 Qe6 24. Rc2 Bd7 25. Rb2 Reb8 26. Re1 Rc8 27. Bd2 b5
28. Be3 Qd6 29. d4 Rc4 30. dxe5 Qxe5 31. Rbe2 Bg4 32. Bxg4 Nxg4 33. g3 Qxe4 34.
Bf4 Qc6 35. Qd6 Qxd6 36. Bxd6 Nf6 37. Re3 Rcc8 38. Kg2 a4 39. Re5 Ra5 40. Bb4
Raa8 41. Rxb5 Rc2 42. a3 Ng4 43. Rf5 h6 44. h3 Nf6 45. Be7 Re8 46. Rfe5 Nd7 47.
R5e4 f6 48. Bd6 Rxe4 49. Rxe4 Nb6 50. Rb4 Rc6 51. Be7 Nd5 52. Rb8+ Kf7 53. Bd8
Rc3 54. Rb5 Ne3+ 55. fxe3 Rxe3 56. Rb7+ Ke8 57. Ba5 Rxa3 58. Rb8+ Kf7 59. Rb4
Ra2+ 60. Kf3 a3 61. Ra4 Ra1 62. Bc3 Rd1 63. Rxa3 Rd3+ 64. Ke4 Rxg3 65. Ra7+ Kg6
66. Bd2 Rxh3 67. Ra1 Rh4+ 68. Kf3 h5 69. Be1 Rh3+ 70. Kg2 Rb3 71. Ra2 Kf5 72.
Rf2+ Kg4 73. Bd2 Rg3+ 74. Kh2 f5 75. Rf4+ Kg5 76. Kxg3 h4+ 77. Rxh4+ Kf6 78.
Bc3+ Kg6 79. Kf4 Kf7 80. Rh5 g6 81. Rh7+ Ke6 82. Rg7 g5+ 83. Rxg5 Kd5 84. Rxf5+
Kc4 85. Bh8 Kb3 86. Rc5 Kb4 87. Bd4 Kb3 88. Ke3 Kb4 89. Kd3 Ka4 90. Kc3 Ka3 91.
Ra5# 1-0

[Event "DVM U10 2015"]
[Site "Magdeburg GER"]
[Date "2015.12.29"]
[Round "7"]
[White "Stowicek, Yara Mathilda"]
[Black "Franke, Josef"]
[Result "1-0"]
[Termination "normal"]
[Board "23.1"]
[WhiteElo "1394"]
[BlackElo "946"]
[WhiteTeam "USV Volksbank Halle"]
[BlackTeam "SK Neumarkt"]
[PlyCount "81"]
[WhiteFideId "16203569"]
[EventCountry "GER"]
[EventRounds "7"]
[EventType "team-swiss"]
[EventDate "2015.12.27"]

1. e4 e5 2. Nf3 Nc6 3. Bc4 Bc5 4. c3 Nf6 5. d3 d5 6. exd5 Nxd5 7. d4 exd4 8.
cxd4 Bb6 9. O-O O-O 10. Re1 Bg4 11. Nc3 Nxc3 12. bxc3 Bxd4 13. cxd4 Nxd4 14.
Qxd4 Bxf3 15. Qxd8 Raxd8 16. gxf3 c6 17. Bf4 b5 18. Bb3 a5 19. Bc7 Rc8 20. Bxa5
Kh8 21. Rac1 c5 22. Re5 c4 23. Bd1 Rb8 24. Rb1 Rbc8 25. Rbxb5 c3 26. Rbc5 Rb8
27. Rxc3 Rb1 28. Rd3 Ra1 29. Rd2 h6 30. Kg2 Rb1 31. Bb3 Rc1 32. Bb4 Rb8 33. Ba3
Rb6 34. Bxc1 Rg6+ 35. Kf1 f6 36. Re8+ Kh7 37. Bc2 f5 38. Bxf5 h5 39. Rh8+ Kxh8
40. Bxg6 h4 41. Rd8# 1-0

[Event "DVM U10 2015"]
[Site "Magdeburg GER"]
[Date "2015.12.29"]
[Round "7"]
[White "Kraus, Jakob"]
[Black "Schulemann, Gero"]
[Result "0-1"]
[Termination "normal"]
[Board "23.2"]
[WhiteElo "789"]
[BlackElo "1007"]
[WhiteTeam "SK Neumarkt"]
[BlackTeam "USV Volksbank Halle"]
[PlyCount "76"]
[BlackFideId "16227646"]
[EventCountry "GER"]
[EventRounds "7"]
[EventType "team-swiss"]
[EventDate "2015.12.27"]

1. e4 e5 2. Bc4 Nf6 3. Nc3 Bc5 4. Nf3 Nc6 5. d3 h6 6. Be3 Bb6 7. d4 exd4 8.
Nxd4 Nxd4 9. Bxd4 d6 10. Bxf6 Qxf6 11. O-O Qg6 12. Bb5+ c6 13. Bd3 Bh3 14. Qf3
Bg4 15. e5 Bxf3 16. Bxg6 Bg4 17. Be4 dxe5 18. Bd3 O-O 19. h3 Be6 20. Ne4 Bd4
21. Rab1 Bxa2 22. Ra1 Bd5 23. Nd6 b5 24. Be4 Bxe4 25. Nxe4 Bxb2 26. Ra2 Bd4 27.
c3 Bb6 28. Rd1 a5 29. Rd6 Rfc8 30. Nf6+ gxf6 31. Rxf6 Kg7 32. Rf3 Bc7 33. Rg3+
Kf8 34. Re2 Rd8 35. f3 e4 36. fxe4 Bxg3 37. c4 Rd1+ 38. Re1 Rxe1# 0-1

[Event "DVM U10 2015"]
[Site "Magdeburg GER"]
[Date "2015.12.29"]
[Round "7"]
[White "Wähler, Joris"]
[Black "Schilay, Vinzenz"]
[Result "1-0"]
[Termination "normal"]
[Board "23.3"]
[WhiteElo "913"]
[BlackElo "779"]
[WhiteTeam "USV Volksbank Halle"]
[BlackTeam "SK Neumarkt"]
[PlyCount "41"]
[WhiteFideId "16299388"]
[BlackFideId "12983209"]
[EventCountry "GER"]
[EventRounds "7"]
[EventType "team-swiss"]
[EventDate "2015.12.27"]

1. e4 e5 2. Nf3 Nc6 3. Bc4 Nf6 4. Ng5 d5 5. exd5 Nxd5 6. Nxf7 Qd7 7. Nxh8 Bc5
8. O-O Nf4 9. d4 Bxd4 10. c3 Qf5 11. cxd4 Qe4 12. Bxf4 Qxf4 13. dxe5 Bf5 14.
Nc3 Bd7 15. Nb5 O-O-O 16. Nf7 Bg4 17. Qc2 Bf5 18. Qb3 Na5 19. Qc3 Rf8 20. Be6+
Bxe6 21. Qxa5 1-0

[Event "DVM U10 2015"]
[Site "Magdeburg GER"]
[Date "2015.12.29"]
[Round "7"]
[White "Diederich, Greta"]
[Black "Hostmann, Henning"]
[Result "1-0"]
[Termination "normal"]
[Board "24.1"]
[WhiteElo "1142"]
[BlackElo "965"]
[WhiteTeam "SV Breitenworbis"]
[BlackTeam "USC Magdeburg 2"]
[PlyCount "27"]
[WhiteFideId "12988618"]
[BlackFideId "16255380"]
[EventCountry "GER"]
[EventRounds "7"]
[EventType "team-swiss"]
[EventDate "2015.12.27"]

1. Nf3 e6 2. d3 Nc6 3. g3 f6 4. Bg2 Bb4+ 5. Nc3 d6 6. O-O e5 7. e4 Bg4 8. Be3
Nd4 9. Nd5 c6 10. Nxb4 Nxf3+ 11. Bxf3 Qd7 12. c3 d5 13. exd5 cxd5 14. Nxd5 {
nicht weiter nachvollziehbar} 1-0

[Event "DVM U10 2015"]
[Site "Magdeburg GER"]
[Date "2015.12.29"]
[Round "7"]
[White "Khanbekyan, Nare"]
[Black "Wehling, Linos"]
[Result "0-1"]
[Termination "normal"]
[Board "24.2"]
[WhiteElo "698"]
[BlackElo "899"]
[WhiteTeam "USC Magdeburg 2"]
[BlackTeam "SV Breitenworbis"]
[PlyCount "52"]
[WhiteFideId "16270916"]
[EventCountry "GER"]
[EventRounds "7"]
[EventType "team-swiss"]
[EventDate "2015.12.27"]

1. e4 e5 2. Nf3 Nc6 3. d4 d6 4. Bc4 Nf6 5. Nc3 exd4 6. Nxd4 Nxd4 7. Qxd4 Be7 8.
Bf4 Be6 9. O-O Bxc4 10. Qxc4 O-O 11. Rad1 Qc8 12. Rfe1 Re8 13. Nb5 Bd8 14. Bg5
a6 15. Nd4 Nxe4 16. Bxd8 Qxd8 17. Nf3 Nf6 18. Ng5 Qd7 19. Rc1 Rxe1+ 20. Rxe1
Re8 21. Rd1 h6 22. Nf3 Qc6 23. Qf4 Qxc2 24. Rd2 Qc1+ 25. Rd1 Qxd1+ 26. Ne1
Qxe1# 0-1

[Event "DVM U10 2015"]
[Site "Magdeburg GER"]
[Date "2015.12.29"]
[Round "7"]
[White "Conradi, Bennet"]
[Black "Rabenstein, Jonathan"]
[Result "0-1"]
[Termination "normal"]
[Board "24.3"]
[WhiteElo "863"]
[BlackElo "766"]
[WhiteTeam "SV Breitenworbis"]
[BlackTeam "USC Magdeburg 2"]
[PlyCount "52"]
[BlackFideId "16298462"]
[EventCountry "GER"]
[EventRounds "7"]
[EventType "team-swiss"]
[EventDate "2015.12.27"]

1. e4 e5 2. Nf3 Nc6 3. Bc4 Bc5 4. c3 Nf6 5. d4 exd4 6. e5 Ne4 7. cxd4 Bb4+ 8.
Nbd2 d5 9. Bxd5 Qxd5 10. O-O Bxd2 11. Nxd2 Nxd4 12. Nxe4 Qxe4 13. Re1 Qg6 14.
Bf4 Nf5 15. Qd2 O-O 16. Rac1 Nh4 17. g3 Nf5 18. Rxc7 Be6 19. Rxb7 Rfd8 20. Qc1
Bd5 21. Rd1 Qh5 22. Bg5 Qh3 23. Rxd5 Rxd5 24. f3 Rxe5 25. Qc7 Re1+ 26. Kf2 Qf1#
0-1

[Event "DVM U10 2015"]
[Site "Magdeburg GER"]
[Date "2015.12.29"]
[Round "7"]
[White "Willberg, Marek"]
[Black "Graw, Alexander"]
[Result "1-0"]
[Termination "normal"]
[Board "25.1"]
[WhiteElo "900"]
[BlackElo "1008"]
[WhiteTeam "BSG Grün-Weiß Leipzig 2"]
[BlackTeam "SF Hettstedt 1"]
[PlyCount "59"]
[WhiteFideId "16224027"]
[BlackFideId "16227670"]
[EventCountry "GER"]
[EventRounds "7"]
[EventType "team-swiss"]
[EventDate "2015.12.27"]

1. e4 e5 2. Nf3 d6 3. Bc4 Nf6 4. Nc3 Bg4 5. d3 Be7 6. Be3 O-O 7. O-O Nbd7 8.
Qe2 h6 9. d4 exd4 10. Bxd4 c5 11. Be3 Ne5 12. Bf4 Nxc4 13. Qxc4 Bxf3 14. gxf3
Nh5 15. Bg3 Bh4 16. Ne2 Bxg3 17. fxg3 Re8 18. Rad1 Qb6 19. Qd5 Red8 20. Qxh5
Rac8 21. b3 Re8 22. Kg2 Re5 23. Qg4 Qc7 24. Rxd6 Qxd6 25. Qxc8+ Kh7 26. Qxb7
Qd2 27. Rf2 Qxc2 28. Qxa7 f6 29. Qa4 Re6 30. Nf4 1-0

[Event "DVM U10 2015"]
[Site "Magdeburg GER"]
[Date "2015.12.29"]
[Round "7"]
[White "Müller, Johannes"]
[Black "Lehmann, Taylor"]
[Result "1/2-1/2"]
[Termination "normal"]
[Board "25.3"]
[WhiteElo "781"]
[BlackElo "949"]
[WhiteTeam "BSG Grün-Weiß Leipzig 2"]
[BlackTeam "SF Hettstedt 1"]
[PlyCount "66"]
[BlackFideId "16240642"]
[EventCountry "GER"]
[EventRounds "7"]
[EventType "team-swiss"]
[EventDate "2015.12.27"]

1. Nf3 Nc6 2. d4 e6 3. e4 d5 4. Nc3 Nf6 5. exd5 exd5 6. Qe2+ Be6 7. Bg5 Be7 8.
Qd2 h6 9. Bh4 g5 10. Bg3 Ne4 11. Nxe4 dxe4 12. Ne5 Bb4 13. c3 Bd6 14. Be2 h5
15. h4 Bxe5 16. dxe5 f5 17. Qxd8+ Rxd8 18. f4 g4 19. Rd1 O-O 20. Rxd8 Rxd8 21.
O-O Bxa2 22. Rf2 Rd2 23. Bc4+ Bxc4 24. Rxd2 e3 25. Rd7 Na5 26. Rxc7 Kf8 27. Rc5
b6 28. Rc8+ Ke7 29. b4 Ba6 30. Rh8 Nb3 31. Rxh5 Bd3 32. c4 a5 33. bxa5 bxa5
1/2-1/2

[Event "DVM U10 2015"]
[Site "Magdeburg GER"]
[Date "2015.12.29"]
[Round "7"]
[White "Martsfeld, Jonas"]
[Black "Kracke, Lukas"]
[Result "0-1"]
[Termination "normal"]
[Board "26.1"]
[WhiteElo "954"]
[BlackElo "784"]
[WhiteTeam "SF HN-Biberach 1978"]
[BlackTeam "KSV Rochade Göttingen 2"]
[PlyCount "88"]
[WhiteFideId "16255640"]
[EventCountry "GER"]
[EventRounds "7"]
[EventType "team-swiss"]
[EventDate "2015.12.27"]

1. e4 e5 2. Nf3 Nc6 3. Bc4 Nf6 4. Ng5 d5 5. exd5 Nd4 6. Bb3 Nxb3 7. axb3 Bc5 8.
Nc3 Bf5 9. d3 O-O 10. O-O h6 11. Nf3 Bg4 12. h3 Bxf3 13. Qxf3 Re8 14. Qg3 Bf8
15. Bxh6 g6 16. Nb5 Nh5 17. Qf3 e4 18. dxe4 Qe7 19. Nd6 Qxd6 20. g4 Kh7 21. g5
f6 22. Rae1 Qe5 23. Qe3 Qxb2 24. gxf6 Qxf6 25. c4 Re7 26. Bg5 Qe5 27. Bxe7 Qxe7
28. e5 Re8 29. e6 a5 30. f4 Qb4 31. Qd3 Qc5+ 32. Kh1 c6 33. dxc6 Qxc6+ 34. Qe4
Ng3+ 35. Kh2 Nxe4 36. Re3 Rxe6 37. f5 gxf5 38. Rxf5 Qd6+ 39. Kg2 Qd2+ 40. Kf3
Qd4 41. Rf4 Qd1+ 42. Kg2 Rg6+ 43. Kh2 Qd2+ 44. Kh1 Qg2# 0-1

[Event "DVM U10 2015"]
[Site "Magdeburg GER"]
[Date "2015.12.29"]
[Round "7"]
[White "Iyengar, Sriram"]
[Black "Lesser, Luan"]
[Result "1-0"]
[Termination "normal"]
[Board "26.3"]
[WhiteElo "947"]
[BlackElo "800"]
[WhiteTeam "SF HN-Biberach 1978"]
[BlackTeam "KSV Rochade Göttingen 2"]
[PlyCount "95"]
[WhiteFideId "16269110"]
[BlackFideId "34640150"]
[EventCountry "GER"]
[EventRounds "7"]
[EventType "team-swiss"]
[EventDate "2015.12.27"]

1. e4 e5 2. Nf3 Nc6 3. Nc3 Nf6 4. Bc4 Nxe4 5. Nxe4 d5 6. Nc3 dxc4 7. O-O Bg4 8.
h3 Bh5 9. d3 Bd6 10. dxc4 e4 11. Nxe4 Be7 12. Qxd8+ Rxd8 13. Bf4 Rd4 14. Nxd4
Nxd4 15. Rac1 Ne2+ 16. Kh1 Nxc1 17. Rxc1 h6 18. Bxc7 f5 19. Ng3 Bg5 20. Rf1 Bf7
21. Nxf5 Bxc4 22. Re1+ Kd7 23. Bg3 Re8 24. Rd1+ Ke6 25. Re1+ Kf7 26. Ra1 Kf6
27. Nd6 Re2 28. Nxc4 Rxc2 29. b3 Ke6 30. Re1+ Kd5 31. Ne3+ Bxe3 32. fxe3 Rxa2
33. e4+ Ke6 34. e5 Ra3 35. Re3 a5 36. Rd3 Ra1+ 37. Kh2 Ra3 38. Rd6+ Kf5 39. e6
Rxb3 40. e7 Re3 41. Bh4 a4 42. Rd8 a3 43. e8=Q Rxe8 44. Rxe8 b5 45. Ra8 b4 46.
Be1 b3 47. Rxa3 b2 48. Rb3 1-0

[Event "DVM U10 2015"]
[Site "Magdeburg GER"]
[Date "2015.12.29"]
[Round "7"]
[White "Zimmermann, Simon"]
[Black "Gerold, Fabian"]
[Result "0-1"]
[Termination "normal"]
[Board "26.4"]
[WhiteElo "777"]
[BlackElo "737"]
[WhiteTeam "KSV Rochade Göttingen 2"]
[BlackTeam "SF HN-Biberach 1978"]
[PlyCount "66"]
[WhiteFideId "16235649"]
[EventCountry "GER"]
[EventRounds "7"]
[EventType "team-swiss"]
[EventDate "2015.12.27"]

1. e4 e5 2. Nf3 Nc6 3. Nc3 Bc5 4. Nxe5 Nxe5 5. d4 Bb4 6. dxe5 f6 7. exf6 Nxf6
8. Qe2 O-O 9. Qc4+ d5 10. Qxb4 dxe4 11. Bc4+ Kh8 12. Bg5 e3 13. Bxe3 b6 14. Bd5
c5 15. Qc4 Nxd5 16. Qxd5 Qxd5 17. Nxd5 Bb7 18. O-O-O Rad8 19. Nc3 Bxg2 20. Rxd8
Rxd8 21. Bg5 Re8 22. Rg1 Bf3 23. b3 h6 24. Be3 a6 25. Rg3 Bh5 26. Nb1 Rc8 27.
Nd2 b5 28. Nb1 c4 29. b4 Rd8 30. Nc3 a5 31. bxa5 b4 32. Nb5 c3 33. Bb6 Rd1# 0-1

[Event "DVM U10 2015"]
[Site "Magdeburg GER"]
[Date "2015.12.29"]
[Round "7"]
[White "Gehle, Joshua"]
[Black "Hartmann, Samuel"]
[Result "0-1"]
[Termination "normal"]
[Board "27.1"]
[WhiteElo "910"]
[BlackElo "888"]
[WhiteTeam "SV Bad Schwartau von 1930"]
[BlackTeam "SG Niederkassel"]
[PlyCount "42"]
[WhiteFideId "16273753"]
[EventCountry "GER"]
[EventRounds "7"]
[EventType "team-swiss"]
[EventDate "2015.12.27"]

1. e4 e5 2. Nf3 Nc6 3. Bb5 Nf6 4. O-O Nxe4 5. Re1 Nf6 6. Nxe5 Nxe5 7. Rxe5+ Be7
8. Qe2 c6 9. Bc4 d6 10. Re3 Bf5 11. c3 Ng4 12. Rf3 Qd7 13. d4 O-O 14. h3 Nf6
15. Rg3 d5 16. Bh6 Bg6 17. Bd3 Bd6 18. Bxg6 fxg6 19. Rf3 Rae8 20. Qd2 gxh6 21.
Qxh6 Re1# 0-1

[Event "DVM U10 2015"]
[Site "Magdeburg GER"]
[Date "2015.12.29"]
[Round "7"]
[White "von Hugo, Amelie"]
[Black "Tran Minh, Duc"]
[Result "0-1"]
[Termination "normal"]
[Board "29.1"]
[WhiteElo "729"]
[BlackElo "796"]
[WhiteTeam "KSV Rochade Göttingen 3"]
[BlackTeam "SF Hettstedt 2"]
[PlyCount "68"]
[EventCountry "GER"]
[EventRounds "7"]
[EventType "team-swiss"]
[EventDate "2015.12.27"]

1. d3 e5 2. Bd2 Nc6 3. Nf3 Nf6 4. Nc3 d5 5. Bg5 Bf5 6. Bxf6 gxf6 7. e3 Qd7 8.
d4 O-O-O 9. dxe5 fxe5 10. Bd3 Bxd3 11. Qxd3 e4 12. Qd2 exf3 13. gxf3 Rg8 14.
O-O-O d4 15. Ne2 dxe3 16. fxe3 Qxd2+ 17. Rxd2 Rxd2 18. Kxd2 Ne5 19. f4 Nf3+ 20.
Kc1 Rg2 21. Nc3 Bb4 22. Nd5 c6 23. Nxb4 Re2 24. Nd3 Rxe3 25. Kb1 Kc7 26. Ne5
Nxe5 27. fxe5 Rxe5 28. Rf1 f5 29. Rg1 Kd6 30. Rd1+ Ke6 31. Rd8 f4 32. Re8+ Kf5
33. Rf8+ Kg5 34. Rf7 Re1# 0-1

[Event "DVM U10 2015"]
[Site "Magdeburg GER"]
[Date "2015.12.29"]
[Round "7"]
[White "Loreck, Tristan"]
[Black "Fahrendorff, Tristan"]
[Result "0-1"]
[Termination "normal"]
[Board "29.2"]
[WhiteElo "757"]
[BlackElo "774"]
[WhiteTeam "SF Hettstedt 2"]
[BlackTeam "KSV Rochade Göttingen 3"]
[PlyCount "42"]
[EventCountry "GER"]
[EventRounds "7"]
[EventType "team-swiss"]
[EventDate "2015.12.27"]

1. Nf3 d5 2. Nc3 e6 3. a3 c6 4. d4 Nf6 5. Bg5 Be7 6. Bxf6 Bxf6 7. e4 O-O 8. e5
Be7 9. h4 Bd7 10. Qd2 Qe8 11. Rh3 f6 12. Be2 Na6 13. Rg3 Qf7 14. Qh6 Nc7 15.
Bd3 g6 16. Bxg6 Qg7 17. Bxh7+ Kh8 18. Bf5+ Qxh6 19. Rg6 Qh5 20. g4 Qh7 21. g5
fxg5 0-1